| 000 | 01082naa a2200325 c 4500 | ||
|---|---|---|---|
| 001 | 27059 | ||
| 003 | ES-MaCES | ||
| 005 | 19990812104000.0 | ||
| 008 | 940923n1994 sp ||| | spa d | ||
| 035 | _aCES19980009942v | ||
| 040 |
_aES-MaCES _bspa _cES-MaCES |
||
| 100 | 1 |
_aArgimón Maza, Isabel _96515 |
|
| 245 | 1 | 0 |
_aEfectos de la fiscalidad desde una perspectiva macroeconómica _cIsabel Argimón, José Mª Roldán |
| 504 | _aBibliografía: p. 22-23 | ||
| 650 | 4 |
_aEspaña _926964 |
|
| 650 | 4 |
_apolítica fiscal _928082 |
|
| 650 | 4 |
_ainversión _928141 |
|
| 650 | 4 |
_aahorro _928137 |
|
| 650 | 4 |
_aconsumo _927907 |
|
| 650 | 4 |
_adistribución del ingreso _927109 |
|
| 650 | 4 |
_aconsecuencias económicas _927082 |
|
| 650 | 4 |
_aciclo económico _927099 |
|
| 650 | 4 |
_atributación _928093 |
|
| 653 | 1 | 0 | _aFiscalidad |
| 700 | 1 |
_aRoldán Alegre, José María _922527 |
|
| 773 | 0 |
_tInformación Comercial Española _gMadrid. - N. 730 ; p. 7-23 _w(ES-MaCES)25295 |
|
| 902 | _aART Artículo de revista | ||
| 942 |
_2CES _cAR _h0.1. |
||
| 999 |
_c27059 _d27059 |
||